| 000 | 00389nam a22001457a 4500 | ||
|---|---|---|---|
| 005 | 20141114151016.0 | ||
| 020 |
_a8172730276 _c00.00 |
||
| 035 | _aB-18735 | ||
| 037 |
_aDPL _bENG |
||
| 100 | _aRai, Rahul | ||
| 245 |
_aHuman rights : _bUN initiatives / _cby Rahul Rai |
||
| 260 |
_aDelhi _bAuthorpress _c2000 |
||
| 300 |
_av, 310p. _c20 cms. |
||
| 942 |
_2ddc _cEN _h323.5 _mRAI |
||
| 999 |
_c65972 _d65972 |
||